|
|
|
|
| LEADER |
01622nam a2200397 a 4500 |
| 001 |
000722946 |
| 003 |
CZ BrMZK |
| 005 |
20060306115137.0 |
| 007 |
ta |
| 008 |
040624s2003 xr e p 000 cze d |
| 015 |
|
|
|a cnb001300640
|
| 020 |
|
|
|a 80-7251-131-9
|q (brož.)
|
| 035 |
|
|
|a (OCoLC)85093214
|
| 040 |
|
|
|a BOA001
|b cze
|
| 072 |
|
7 |
|a 34
|x Právo
|2 Konspekt
|9 16
|
| 072 |
|
7 |
|a 37.016
|x Učební osnovy. Vyučovací předměty. Učebnice
|2 Konspekt
|9 22
|
| 080 |
|
|
|a 340
|2 MRF
|
| 080 |
|
|
|a 321.01
|2 MRF
|
| 080 |
|
|
|a (075.8)
|2 MRF
|
| 100 |
1 |
|
|a Zoubek, Vladimír,
|d 1952-
|7 jn19981002446
|
| 245 |
1 |
0 |
|a Úvod do postmoderní právovědy /
|c Vladimír Zoubek a kolektiv
|
| 250 |
|
|
|a Vyd. 1.
|
| 260 |
|
|
|a Praha :
|b Vydavatelství PA ČR,
|c 2003
|
| 300 |
|
|
|a 200 s. ;
|c 30 cm
|
| 500 |
|
|
|a 700 výt.
|
| 504 |
|
|
|a Obsahuje bibliografie a bibliografické odkazy
|
| 550 |
|
|
|a Vydavatel: Policejní akademie České republiky. Katedra veřejnoprávních disciplín
|
| 650 |
0 |
7 |
|a právní věda
|7 ph115913
|2 czenas
|
| 650 |
0 |
7 |
|a státověda
|7 ph116312
|2 czenas
|
| 655 |
|
7 |
|a učebnice vysokých škol
|7 fd133772
|2 czenas
|
| 710 |
2 |
|
|a Policejní akademie České republiky.
|b Katedra veřejnoprávních disciplín
|7 ko2002159776
|
| 856 |
4 |
1 |
|u http://www.digitalniknihovna.cz/mzk/uuid/uuid:c59e3010-0337-11e3-9923-005056827e52
|y Digitalizovaný dokument
|x NDK
|
| 910 |
|
|
|a BOA001
|b 3-1138.057
|
| 990 |
|
|
|a BK
|
| 996 |
6 |
|
|b 2610223530
|c 3-1138.057
|l MZK
|r Sklad / do 1 hodiny
|n 0
|p p.v.
|w 000722946
|u 000010
|a 1
|e BOA001
|j MZK50
|s P
|
| 996 |
7 |
|
|b 2610224830
|c 3-1138.057
|l MZK
|r Sklad / do 1 hodiny
|n 9
|p kup
|w 000722946
|u 000020
|a 1
|e BOA001
|j MZK50
|s A
|